01013nam a2200265Ia 450000100060000000300090000600800410001504000130005604000130006904100130008210000180009510000290011324000380014224000350018024500450021524500450026025000110030526000110031626000160032726000490034330000430039250002660043565000150070165000310071618829IT-RoPAU130308s9999 xx 000 0 und d aIT-RoPAU cIT-RoPAU aITALIANO aFreud Sigmund gCodice Aut. SPICS: 6420 aMASSENPSYCHOLOGIE UND ICH-ANALYSE gCodice Tit. Orig. Spics: T1021 aPsicologia delle masse e analisi dell'io bPsicologia delle masse e Analisi dell'Io a3a ed. aTORINO bBoringhieri c1980 [1° Ed.:1975 - Ed.Ling.Originale:1921] a"104 p. (prefazione: no ; testo: 104)" aDescrizione dell'Anima delle masse in le Bon valutazioni della Vita psichica collettiva Suggestione e Libido Due masse Artificiali Chiesa ed Esercitoidentificazione Innamoramento e Ipnosi pulsione Gregaria Massa e Orda Primordiale un Gradino All'Interno dell'Io aPSICOLOGIA eCodice materia Spics: 3601